000 00709nam a2200229Ia 4500
003 GCL
008 140319s9999 xx 000 0 ara d
040 _aGCL /
_cGCL
082 0 4 _aط
_b205.25
_bع ح
100 1 _aعبدالتواب يوسف
245 1 0 _aكوكب الارض /
_cعبدالتواب يوسف
260 _a[S.N] :
_bدار الكتب الاسلامية ،
_c1983
300 _a20 ص
490 _aحياة الخليل ابراهيم عليه السلام
_v0
650 0 4 _aالاطفال
650 0 4 _aالقصص
650 0 4 _aقصص الاطفال
650 0 4 _aقصص الانبياء
650 0 4 _aالقصص الدينية
650 0 4 _aسفن الفضاء
942 _2ddc
_cBK
999 _c57943
_d57943